000 00647nam a2200229Ia 4500
005 20250108124832.0
008 008 250107s9999 xx 000 0 eng d
020 _a978-81-952713-2-0
037 _aTB
040 _aCRL
_beng
_cCRL
041 _aeng
_2eng
084 _aO15:g R1
084 _qCRL
100 _aBhatt Sanjai Ed.
_9729961
245 0 _aLife under lockdown: lived experiences and lessons learnt
_cBhatt Sanjai Ed.
260 _aNew Delhi, India
_bPapyrus Scrolls Publications
_c2368
300 _axxxii,360p.
365 _aINR
_b150
650 _aMEDICINE
942 _cTB
_hO15:g R1
999 _c1234756
_d1234756